[Event "Albin Counter Gambit"]
[Site "SchemingMind.com"]
[Date "2009.12.12"]
[Round "-"]
[White "XTC"]
[Black "Lucas the Pirate"]
[Result "1-0"]
[WhiteCountry "COL"]
[BlackCountry "ISR"]
[WhiteElo "1822"]
[WhiteRD "54"]
[BlackElo "1764"]
[BlackRD "84"]
[GameID "230494"]

1. d4 d5 2. c4 e5 3. dxe5 d4 4. Nf3 c5 5. e3 Nc6 6. Bd3 Bg4 7. Be4 Qc7 8. Bxc6+ Qxc6 9. exd4 cxd4 10. Qxd4 Bxf3
11. gxf3 Qxf3 12. Qd5 Qf5 13. Nc3 Ne7 14. Qxb7 Qxe5+ 15. Be3 Rb8 16. Qxa7 Nc6 17. Qa6 Nb4 18. Qa4+ Ke7 19. O-O-O Rb7 20. Rhe1 Qf5
21. Bg5#
1-0

[Event "Albin Counter Gambit"]
[Site "SchemingMind.com"]
[Date "2009.12.15"]
[Round "-"]
[White "Schaakmaatje"]
[Black "Lucas the Pirate"]
[Result "0-1"]
[WhiteCountry "NED"]
[BlackCountry "ISR"]
[WhiteElo "1724"]
[WhiteRD "49"]
[BlackElo "1833"]
[BlackRD "77"]
[GameID "230495"]

1. d4 d5 2. c4 e5 3. dxe5 d4 4. Nf3 Nc6 5. Bg5 Be7 6. Bxe7 Ngxe7 7. Nbd2 O-O 8. g3 Bg4 9. Bg2 Qd7 10. O-O Bh3
11. Ne4 Bxg2 12. Kxg2 Rad8 13. Qa4 Qf5 14. Nc5 b6 15. Nd3 a5 16. c5 Qe4 17. cxb6 cxb6 18. Rfe1 Qd5 19. a3 Ng6 20. Rac1 Ngxe5
21. Qd1 Nxd3 22. Qxd3 Rfe8 23. Kg1 Re6 24. h4 Rde8 25. Ng5 Rg6 26. e4 Qd7 27. Kg2 Ne5 28. Qb3 d3 29. Re3 Rd6 30. f3 d2
31. Rd1 Rc8 32. Rc3 h6 33. Nh3 Rxc3 34. Qxc3 Nd3 35. e5 Ne1+ 36. Kh2 Rd3 37. Qc4 Nxf3+ 38. Kg2 Nxe5 39. Qe4 Ng4 40. Nf4 Ne3+
0-1

[Event "Albin Counter Gambit"]
[Site "SchemingMind.com"]
[Date "2009.12.12"]
[Round "-"]
[White "memet"]
[Black "Lucas the Pirate"]
[Result "0-1"]
[WhiteCountry "TUR"]
[BlackCountry "ISR"]
[WhiteElo "1506"]
[WhiteRD "70"]
[BlackElo "1809"]
[BlackRD "78"]
[GameID "230496"]

1. d4 d5 2. c4 e5 3. cxd5 Qxd5 4. Nc3 Bb4 5. Qa4+ Nc6 6. Bd2 Qa5 7. Qxa5 Bxa5 8. d5 Nd4 9. O-O-O Nf6 10. Nf3 Ng4
11. Ne4 Bxd2+ 12. Rxd2 f5 13. Nxd4 fxe4 14. Nb5 O-O 15. Nxc7 Rb8 16. Ne6 Rxf2 17. d6 Bxe6 18. h3 Ne3 19. d7 Rd8 20. Rd6 Bxd7
21. Rd1 Nxd1 22. Kxd1 e3 23. Kc2 Rdf8 24. Kd3 Rxf1 25. Rh2 Bb5+ 26. Kxe3 R8f2
0-1

[Event "Albin Counter Gambit"]
[Site "SchemingMind.com"]
[Date "2009.12.12"]
[Round "-"]
[White "somar96"]
[Black "Lucas the Pirate"]
[Result "0-1"]
[WhiteCountry "POL"]
[BlackCountry "ISR"]
[WhiteElo "1781"]
[WhiteRD "65"]
[BlackElo "1846"]
[BlackRD "80"]
[GameID "230497"]

1. d4 d5 2. c4 e5 3. dxe5 d4 4. Nf3 c5 5. g3 Ne7 6. Bg2 Nbc6 7. O-O Ng6 8. Bf4 Be6 9. Nbd2 Nxf4 10. gxf4 Be7
11. b3 O-O 12. Ne4 Bf5 13. Ng3 Bd7 14. f5 Bh4 15. Ne4 Bxf5 16. Nxc5 Be7 17. Nd3 Qd7 18. Qd2 Bh3 19. Qf4 Bxg2 20. Kxg2 Rad8
21. Rad1 Rfe8 22. Kh1 Bf8 23. Rg1 a5 24. Rg3 g6 25. Rdg1 Bg7 26. h4 Qe7 27. h5 Nxe5 28. hxg6 Nxg6 29. Qf5 Bf6 30. Nf4 Bg7
31. Ng5 Qf6 32. Qxf6 Bxf6 33. Nf3 Bg7 34. Nxg6 hxg6 35. Re1 Bf6 36. Kg2 Kg7 37. Kf1 Re4 38. Rd1 Rde8= 39. Rd2 a4 40. bxa4 Ra8
41. Rc2 Rxa4 42. Ne1 Re5 43. Nd3 Rea5 44. Nc1 Rc5 45. Rb3 Raxc4 46. Rxc4 Rxc4 47. Nd3 Ra4 48. Rxb7 Rxa2 49. Rb2 Rxb2 50. Nxb2 g5
51. Nd3 g4 52. Kg2 Kg6 53. Kg3 Kf5 54. Kg2 Bd8
0-1

[Event "Albin Counter Gambit"]
[Site "SchemingMind.com"]
[Date "2009.12.12"]
[Round "-"]
[White "lemmie"]
[Black "jtrochez1"]
[Result "1/2-1/2"]
[WhiteCountry "NED"]
[BlackCountry "HON"]
[WhiteElo "1630"]
[WhiteRD "48"]
[BlackElo "1530"]
[BlackRD "51"]
[GameID "230597"]

1. d4 d5 2. c4 e5 3. e3 exd4 4. exd4 Nf6 5. cxd5 Nxd5 6. Nf3 Bg4 7. Be2 Bxf3 8. Bxf3 c6 9. O-O Nf6 10. Nc3 Be7
11. Re1 O-O 12. Bg5 Re8 13. h3 Nbd7 14. Qb3 Qc7 15. Re3 Bd6 16. Rae1 h6 17. Bxf6 Nxf6 18. Rxe8+ Rxe8 19. Rxe8+ Nxe8 20. d5 Nf6
21. dxc6 bxc6 22. Ne4 Nxe4 23. Bxe4 Qa5 24. Qd1 Qd8 25. Bc2 a5 26. a4 c5 27. g3 c4 28. h4 Qb6 29. Qc1 Bxg3 30. Qd2 Bxh4
31. Qe2 Qe6 32. Qf3=
1/2-1/2

[Event "Albin Counter Gambit"]
[Site "SchemingMind.com"]
[Date "2009.12.12"]
[Round "-"]
[White "lemmie"]
[Black "XTC"]
[Result "1-0"]
[WhiteCountry "NED"]
[BlackCountry "COL"]
[WhiteElo "1630"]
[WhiteRD "48"]
[BlackElo "1818"]
[BlackRD "48"]
[GameID "230598"]

1. d4 d5 2. c4 e5 3. e3 dxc4 4. Bxc4 exd4 5. exd4 Nf6 6. Bg5 Bb4+ 7. Nc3 O-O 8. Ne2 Nc6 9. a3 Bxc3+ 10. bxc3 h6
11. Be3 Ng4 12. O-O Nxe3 13. fxe3 Qg5 14. Rf3 Re8 15. Nf4 Bg4 16. Qf1 Bxf3 17. Qxf3 Na5 18. Ba2 c6 19. Rf1 Qe7 20. Nh5 Qxe3+
21. Qxe3 Rxe3 22. Rxf7 Kh8 23. Nxg7 Rxc3 24. Nf5 Rc1+ 25. Kf2 Rc2+ 26. Kf3 Rxa2 27. Ng3 Rxa3+ 28. Kf2 Rd8 29. h3 Rxd4 30. Nh5 Rd2+
31. Kg1 Raa2 32. Nf6 Rxg2+ 33. Kf1 Rh2 34. Rh7#
1-0

[Event "Albin Counter Gambit"]
[Site "SchemingMind.com"]
[Date "2009.12.16"]
[Round "-"]
[White "lemmie"]
[Black "Schaakmaatje"]
[Result "0-1"]
[WhiteCountry "NED"]
[BlackCountry "NED"]
[WhiteElo "1630"]
[WhiteRD "48"]
[BlackElo "1680"]
[BlackRD "47"]
[GameID "230599"]

1. d4 d5 2. c4 e5 3. e3 Nc6 4. cxd5 Qxd5 5. Nc3 Bb4 6. Bd2 Qd8 7. a3 Bxc3 8. Bxc3 exd4 9. Bxd4 Nf6 10. Nf3 O-O
11. Be2 Bf5 12. O-O Qe7 13. Qb3 b6 14. Bxf6 Qxf6 15. Qb5 Na5 16. Rac1 c5 17. h3 Rad8 18. Nh2 Nc6 19. Bf3 Ne5 20. b4 Bd3
21. Qa4 Bxf1 22. Kxf1 Nxf3 23. Nxf3 Qb2 24. Re1 cxb4 25. axb4 Rfe8 26. Qxa7 Qxb4 27. Nd4 Rxd4
0-1

[Event "Albin Counter Gambit"]
[Site "SchemingMind.com"]
[Date "2009.12.12"]
[Round "-"]
[White "lemmie"]
[Black "Lucas the Pirate"]
[Result "0-1"]
[WhiteCountry "NED"]
[BlackCountry "ISR"]
[WhiteElo "1633"]
[WhiteRD "49"]
[BlackElo "1764"]
[BlackRD "84"]
[GameID "230600"]

1. d4 d5 2. c4 e5 3. e3 Nc6 4. cxd5 Qxd5 5. Nc3 Bb4 6. Bd2 Bxc3 7. Bxc3 Nf6 8. dxe5 Qxd1+ 9. Rxd1 Ne4 10. Ne2 O-O
11. g3 Bg4 12. Bg2 Nxc3 13. bxc3 Nxe5 14. O-O Bxe2
0-1

[Event "Albin Counter Gambit"]
[Site "SchemingMind.com"]
[Date "2009.12.11"]
[Round "-"]
[White "lemmie"]
[Black "memet"]
[Result "1-0"]
[WhiteCountry "NED"]
[BlackCountry "TUR"]
[WhiteElo "1630"]
[WhiteRD "48"]
[BlackElo "1560"]
[BlackRD "67"]
[GameID "230601"]

1. d4 d5 2. c4 e5 3. e3 Bb4+ 4. Nc3 Be6 5. cxd5 Bxd5 6. Bd2 exd4 7. exd4 Nf6 8. Nxd5 Bxd2+ 9. Qxd2 Qxd5 10. Nf3 O-O
11. Be2 Nc6 12. O-O Rad8 13. Rfd1 Ne4 14. Qe3 Rfe8 15. Qf4 Qd6 16. Qxd6 Rxd6 17. Bb5 Red8 18. Bxc6 Rxc6 19. b3 Nc3 20. Rd3 Ne2+
21. Kf1 Rc1+ 22. Rxc1 Nxc1 23. Rd2 Rd6 24. Ke1 c5 25. Kd1 Nxa2 26. Rxa2 a6 27. Re2 Kf8 28. Rd2 cxd4 29. Rxd4 Rg6 30. g3 Rb6
31. Kc2 Rf6 32. Rd3 h6 33. Kd2 g5 34. Ke2 Rc6 35. Nd4 Rb6 36. Rc3 Rb4 37. Nf5 Re4+ 38. Re3 Rb4 39. Nxh6 b5 40. Nf5 a5
41. Rc3 a4 42. Rc8#
1-0

[Event "Albin Counter Gambit"]
[Site "SchemingMind.com"]
[Date "2009.12.11"]
[Round "-"]
[White "lemmie"]
[Black "somar96"]
[Result "1-0"]
[WhiteCountry "NED"]
[BlackCountry "POL"]
[WhiteElo "1617"]
[WhiteRD "52"]
[BlackElo "1914"]
[BlackRD "62"]
[GameID "230602"]

1. d4 d5 2. c4 e5 3. e3 exd4 4. exd4 Nf6 5. cxd5 Nxd5 6. Nf3 Be7 7. Bc4 O-O 8. O-O Be6 9. Bxd5 Bxd5 10. Nc3 c6
11. Re1 Bf6 12. Be3 Na6 13. Nxd5 Qxd5 14. b3 Rad8 15. Qd2 Nc7 16. Rad1 Rfe8 17. Qb4 b6 18. h3 Qd7 19. Rd2 Nd5 20. Qc4 Re4
21. Qd3 Re6 22. Rde2 Rde8 23. Bg5 Rxe2 24. Rxe2 Rxe2 25. Qxe2 Bxg5 26. Nxg5 h6 27. Nf3 Qe7 28. Qa6 f6 29. Qc8+ Kh7 30. Qxc6 Nf4
31. Kh2 Qe2 32. a4 Qxf2 33. Qe4+ Ng6 34. d5 h5 35. d6 Qc5 36. Qd3 Kh6 37. d7 Qc7+ 38. g3 Qd8 39. Qe3+ Kh7 40. Qe8 Qc7
41. d8=Q Qc2+ 42. Nd2 Qd1 43. Qd3 f5 44. Qd6 Qxd2+ 45. Qxd2 h4 46. Qg5 hxg3+ 47. Kg1 Nf8 48. Qxf8 g6 49. Qgh6#
1-0

[Event "Albin Counter Gambit"]
[Site "SchemingMind.com"]
[Date "2009.12.12"]
[Round "-"]
[White "jtrochez1"]
[Black "lemmie"]
[Result "0-1"]
[WhiteCountry "HON"]
[BlackCountry "NED"]
[WhiteElo "1547"]
[WhiteRD "52"]
[BlackElo "1575"]
[BlackRD "51"]
[GameID "230603"]

1. d4 d5 2. c4 e5 3. dxe5 d4 4. Nf3 Nc6 5. e4 dxe3 6. Qxd8+ Nxd8 7. Bxe3 Ne6 8. b3 Bb4+ 9. Nfd2 Ne7 10. Bd3 b6
11. O-O O-O 12. a3 Bc5 13. Bxc5 Nxc5 14. Bc2 Bb7 15. f3 Rad8 16. b4 Ne6 17. b5 Nc5 18. Rd1 Ng6 19. Bxg6 hxg6 20. Nc3 Rd3
21. Nce4 Rfd8 22. Ra2 Nxe4 23. fxe4 Bxe4 24. Kf2 Bf5 25. h3 Be6 26. Rc2 Rxa3 27. Ke1 Re3+ 28. Kf2 Rxe5 29. Re1 Rxe1 30. Kxe1 g5
31. Kf2 Kh7 32. Ne4 Bf5 33. Re2 Rd4 34. Nxg5+ Kg6 35. Nf3 Rf4 36. Kg3 Re4 37. Nh4+ Kf6 38. Rxe4 Bxe4 39. Nf3 Bd3 40. Nd2 g5
41. Kf3 Kf5 42. g4+ Ke5 43. Ke3 Bc2 44. Nf3+ Kf6 45. Kd4 Bd1 46. Nd2 Ke6 47. Ne4 f6 48. Nc3 Bf3 49. Ne4 Bg2 50. Nf2 Bf1
51. Ke3 Bxc4
0-1

[Event "Albin Counter Gambit"]
[Site "SchemingMind.com"]
[Date "2009.12.12"]
[Round "-"]
[White "XTC"]
[Black "lemmie"]
[Result "1-0"]
[WhiteCountry "COL"]
[BlackCountry "NED"]
[WhiteElo "1818"]
[WhiteRD "48"]
[BlackElo "1630"]
[BlackRD "48"]
[GameID "230604"]

1. d4 d5 2. c4 e5 3. dxe5 d4 4. Nf3 Nc6 5. Nbd2 Qe7 6. Qa4 Bd7 7. Qb3 Nxe5 8. Qxb7 Bc6 9. Qb3 Qd7 10. Nxe5 Qe6
11. Nxc6 Qxc6 12. Nf3 Nf6 13. Nxd4 Qd7 14. Qb7 Rd8 15. Qc6 Bb4+ 16. Bd2 Bxd2+ 17. Kd1 O-O 18. Qxd7 Rxd7 19. Kxd2 Rxd4+ 20. Kc3 Rfd8
21. f3 c5 22. Re1 Nd7 23. e3 Rd6 24. Be2 Nb6 25. Rd1 g6 26. b3 a5 27. Rxd6 Rxd6 28. Rd1 Re6 29. e4 Kg7 30. g4 Kf6
31. Bf1 h6 32. Bh3 g5 33. Bg2 Ke5 34. Rd8 Rd6 35. Rxd6 Kxd6 36. Kd2 f6 37. Ke3 Nd7 38. f4 Nb8 39. Bf3 Nc6 40. e5+ fxe5
41. fxg5 hxg5 42. Bxc6 Kxc6 43. Ke4 Kd6 44. Kf5 e4 45. Kxe4
1-0

[Event "Albin Counter Gambit"]
[Site "SchemingMind.com"]
[Date "2009.12.16"]
[Round "-"]
[White "Schaakmaatje"]
[Black "lemmie"]
[Result "1-0"]
[WhiteCountry "NED"]
[BlackCountry "NED"]
[WhiteElo "1680"]
[WhiteRD "47"]
[BlackElo "1630"]
[BlackRD "48"]
[GameID "230605"]

1. d4 d5 2. c4 e5 3. e3 Nc6 4. Nf3 Bg4 5. Be2 e4 6. Nfd2 Bxe2 7. Qxe2 Nf6 8. a3 b6 9. Nc3 Be7 10. cxd5 Nxd5
11. Qb5 Nxc3 12. Qxc6+ Kf8 13. bxc3 f5 14. Nc4 Kf7 15. Ne5+ Kg8 16. Qe6+ Kf8 17. Qf7#
1-0

[Event "Albin Counter Gambit"]
[Site "SchemingMind.com"]
[Date "2009.12.12"]
[Round "-"]
[White "Lucas the Pirate"]
[Black "lemmie"]
[Result "1-0"]
[WhiteCountry "ISR"]
[BlackCountry "NED"]
[WhiteElo "1809"]
[WhiteRD "78"]
[BlackElo "1575"]
[BlackRD "51"]
[GameID "230606"]

1. d4 d5 2. c4 e5 3. dxe5 d4 4. Nf3 Nc6 5. g3 Bc5 6. Bg2 Be6 7. Nbd2 Nge7 8. O-O O-O 9. a3 a6 10. b4 Ba7
11. Bb2 Ng6 12. Rc1 Rb8 13. Nb3 Ncxe5 14. Nbxd4 Nxf3+ 15. Bxf3 Bxd4 16. Qxd4 Qxd4 17. Bxd4 Rbd8 18. Rfd1 h6 19. Bxb7 Bh3 20. Bxa6 Rfe8
21. Rd2 Ne5 22. Rcd1 Ra8 23. Bxe5 Rxe5 24. Rd8+ Rxd8 25. Rxd8+ Kh7 26. c5 Re6 27. Bd3+ g6 28. Rd7 Ra6 29. Bxa6
1-0

[Event "Albin Counter Gambit"]
[Site "SchemingMind.com"]
[Date "2009.12.11"]
[Round "-"]
[White "memet"]
[Black "lemmie"]
[Result "0-1"]
[WhiteCountry "TUR"]
[BlackCountry "NED"]
[WhiteElo "1560"]
[WhiteRD "67"]
[BlackElo "1630"]
[BlackRD "48"]
[GameID "230607"]

1. d4 d5 2. c4 e5 3. cxd5 Qxd5 4. Nf3 exd4 5. Qxd4 Qxd4 6. Nxd4 Nf6 7. Nc3 Bb4 8. Bd2 O-O 9. e3 b6 10. Bd3 Bb7
11. O-O Nbd7 12. Rac1 Ne5 13. Bb1 Bd6 14. Bf5 Nc4 15. Rfd1 Nxb2 16. Re1 g6 17. Bb1 Ng4 18. Ncb5 Bxh2+ 19. Kf1 Be5 20. Nxc7 Rac8
21. f4 Bxc7 22. Nb5 Bb8 23. Nd4 Nf6 24. Bc3 Na4 25. Ba1 Ne4 26. g4 Nac5 27. Bxe4 Nxe4 28. Rcd1 a6 29. f5 Bg3 30. Re2 Bh4
31. Rb2 b5 32. Rh2 Ng3+ 33. Kg1 Bf6 34. Rhd2 Ne4 35. Rc2 Rxc2 36. Nxc2 Bxa1 37. Nxa1 Nc3 38. Rd2 Re8 39. Rd7 Bf3 40. fxg6 hxg6
41. Ra7 Rxe3 42. Nb3 Re6 43. Nd4 Ne2+ 44. Nxe2 Bxe2 45. g5 Bc4 46. Kf2 Bxa2 47. Kg3 b4 48. Rd7 b3 49. Rd1 a5 50. Rd5 b2
51. Rd1 b1=Q 52. Rxb1 Bxb1
0-1

[Event "Albin Counter Gambit"]
[Site "SchemingMind.com"]
[Date "2009.12.11"]
[Round "-"]
[White "somar96"]
[Black "lemmie"]
[Result "1/2-1/2"]
[WhiteCountry "POL"]
[BlackCountry "NED"]
[WhiteElo "1890"]
[WhiteRD "56"]
[BlackElo "1630"]
[BlackRD "48"]
[GameID "230608"]

1. d4 d5 2. c4 e5 3. dxe5 d4 4. Nf3 Nc6 5. Bf4 h6 6. Nbd2 Bc5 7. a3 Be6 8. b4 Be7 9. e3 dxe3 10. Bxe3 a6
11. Be2 Na7 12. O-O c6 13. Qc2 Qc7 14. Rad1 b6 15. Ne4 Bd8 16. Nd6+ Ke7 17. Nd4 Nc8 18. N4f5+ Bxf5 19. Nxf5+ Kf8 20. Nd6 Nxd6
21. exd6 Qd7 22. c5 b5 23. Qe4 f5 24. Qe5 Nf6 25. Bf3 Kf7 26. Rfe1 Re8 27. Qd4 Ng4 28. Bxg4 fxg4 29. Bf4 Rxe1+ 30. Rxe1 Bf6
31. Qd3 Re8 32. Rxe8 Qxe8 33. g3 Qe1+ 34. Kg2 Qe6 35. Be3 Ke8 36. Qg6+ Kd7 37. Qd3 Qd5+ 38. Qxd5 cxd5 39. Bc1 Bc3 40. Kf1 a5
41. bxa5 Bxa5 42. Ke2 Bc3 43. Kd3 Bf6 44. Kc2 Kc6 45. Be3 d4 46. Bf4 Kxc5 47. Kd3 g5 48. Bd2 Kxd6 49. Ke4 Ke6 50. Bb4 h5
51. Bc5 d3 52. Kxd3 Kd5 53. Bb4 Bd8 54. Bd2 Be7 55. Bb4 Bxb4=
1/2-1/2

[Event "Albin Counter Gambit"]
[Site "SchemingMind.com"]
[Date "2009.12.27"]
[Round "-"]
[White "1tamad"]
[Black "jtrochez1"]
[Result "1-0"]
[WhiteCountry "USA"]
[BlackCountry "HON"]
[WhiteElo "1684"]
[WhiteRD "70"]
[BlackElo "1551"]
[BlackRD "51"]
[GameID "232551"]

1. d4 d5 2. c4 e5 3. dxe5 d4 4. e3 Nc6 5. Nf3 dxe3 6. Qxd8+ Nxd8 7. Bxe3 h6 8. Be2 b6 9. O-O Ne6 10. Nd4 Nxd4
11. Bxd4 c5 12. Bc3 Bb7 13. Nd2 O-O-O 14. Bg4+ Kb8 15. Rfd1 h5 16. Bh3 Bc8 17. Bxc8 Rxc8 18. Ne4 h4 19. Nd6 Bxd6 20. Rxd6 Rh6
21. Rd7 Rc7 22. Rad1 Ne7 23. f4 Nc6 24. R7d6 Kb7 25. Rxh6 gxh6 26. Rd6 h3 27. Rxh6 Nd4 28. Rxh3 Ne2+ 29. Kf1 Nxf4 30. Rf3 Ne6
31. b3 a6 32. a4 a5 33. h4 Rd7 34. Ke2 Ka6 35. g4 Nd4+ 36. Bxd4 cxd4 37. Kd3 Kb7 38. Rf4 Kc7 39. Rxd4
1-0

[Event "Albin Counter Gambit"]
[Site "SchemingMind.com"]
[Date "2009.12.27"]
[Round "-"]
[White "1tamad"]
[Black "XTC"]
[Result "0-1"]
[WhiteCountry "USA"]
[BlackCountry "COL"]
[WhiteElo "1662"]
[WhiteRD "78"]
[BlackElo "1818"]
[BlackRD "48"]
[GameID "232552"]

1. d4 d5 2. c4 e5 3. dxe5 d4 4. e3 Bb4+ 5. Bd2 dxe3 6. fxe3 Qh4+ 7. g3 Qe4 8. Qf3 Bxd2+ 9. Kxd2 Qxe5 10. Nc3 Nf6
11. Bh3 Bxh3 12. Nxh3 Nc6 13. a3 Na5 14. Kc2 Nxc4 15. Qxb7 O-O 16. b3 Nxe3+ 17. Kb2 Qf5
0-1

[Event "Albin Counter Gambit"]
[Site "SchemingMind.com"]
[Date "2010.01.02"]
[Round "-"]
[White "1tamad"]
[Black "lemmie"]
[Result "1/2-1/2"]
[WhiteCountry "USA"]
[BlackCountry "NED"]
[WhiteElo "1687"]
[WhiteRD "73"]
[BlackElo "1575"]
[BlackRD "51"]
[GameID "232553"]

1. d4 d5 2. c4 e5 3. dxe5 d4 4. e3 Nc6 5. h3 dxe3 6. Bxe3 Qxd1+ 7. Kxd1 Nxe5 8. Nc3 Nf6 9. Be2 Bd6 10. b3 Be6
11. Kc2 O-O-O 12. Nf3 Nxf3 13. Bxf3 a6 14. Rad1 Rhe8 15. Rd2 h6 16. Rhd1 Ba3 17. g4 h5 18. Bxb7+ Kxb7 19. Rxd8 hxg4 20. hxg4 Rxd8
21. Rxd8 Nxg4 22. Bd4 g6 23. Nd5 Nh6 24. Bb2 Bc5 25. Ne3 Nf5 26. Kd2 Bb4+ 27. Ke2 Nxe3 28. Kxe3 Bc5+ 29. Bd4 Be7 30. Re8 Bg5+
31. f4 Bh4 32. Rh8 Be7 33. Bb2 Bc5+ 34. Kf3 Bf5 35. Rh7 Be6 36. Ke4 Bd6 37. Be5 Bc5 38. Bd4=
1/2-1/2

[Event "Albin Counter Gambit"]
[Site "SchemingMind.com"]
[Date "2010.01.01"]
[Round "-"]
[White "1tamad"]
[Black "Schaakmaatje"]
[Result "0-1"]
[WhiteCountry "USA"]
[BlackCountry "NED"]
[WhiteElo "1687"]
[WhiteRD "73"]
[BlackElo "1715"]
[BlackRD "50"]
[GameID "232554"]

1. d4 d5 2. c4 e5 3. dxe5 d4 4. Nf3 Nc6 5. e3 Bg4 6. Be2 Bb4+ 7. Bd2 dxe3 8. Bxb4 Qxd1+ 9. Bxd1 exf2+ 10. Kxf2 Nxb4
11. Nc3 O-O-O 12. a3 Nd3+ 13. Kg3 h5 14. h3 Bxf3 15. Bxf3 Nxe5 16. Be4 Nf6 17. Bf5+ Kb8 18. Rhd1 Nxc4 19. Rab1 Rxd1 20. Nxd1 Rd8
21. Nf2 c6 22. a4 Ne3 23. Be4 Nxe4+ 24. Nxe4 f6 25. b4 Nd5 26. b5 Kc7 27. a5 g5 28. Nc5 Re8 29. a6 b6 30. Nb7 c5
31. Rd1 Re5 32. Kf3 f5 33. g4 fxg4+ 34. hxg4 hxg4+ 35. Kxg4 Ne3+
0-1

[Event "Albin Counter Gambit"]
[Site "SchemingMind.com"]
[Date "2010.01.01"]
[Round "-"]
[White "1tamad"]
[Black "Lucas the Pirate"]
[Result "1/2-1/2"]
[WhiteCountry "USA"]
[BlackCountry "ISR"]
[WhiteElo "1687"]
[WhiteRD "73"]
[BlackElo "1809"]
[BlackRD "78"]
[GameID "232555"]

1. d4 d5 2. c4 e5 3. dxe5 d4 4. e3 Bb4+ 5. Bd2 dxe3 6. fxe3 Qh4+ 7. g3 Bxd2+ 8. Qxd2 Qe4 9. Bg2 Qxc4 10. Ne2 Bg4
11. Nbc3 Nc6 12. Qd5 Bxe2 13. Nxe2 Qb4+ 14. Kf2 Nge7 15. Qb3 Qxb3 16. axb3 a6 17. Nd4 O-O 18. Nxc6 Nxc6 19. Rhc1 Rab8 20. Bxc6=
1/2-1/2

[Event "Albin Counter Gambit"]
[Site "SchemingMind.com"]
[Date "2009.12.27"]
[Round "-"]
[White "1tamad"]
[Black "memet"]
[Result "1-0"]
[WhiteCountry "USA"]
[BlackCountry "TUR"]
[WhiteElo "1687"]
[WhiteRD "73"]
[BlackElo "1506"]
[BlackRD "70"]
[GameID "232556"]

1. d4 d5 2. c4 e5 3. dxe5 Bb4+ 4. Bd2 Na6 5. Nf3 dxc4 6. Nc3 Ne7 7. h3 Bf5 8. e4 Bxc3 9. exf5 Bxb2 10. Rb1 c3
11. Bg5 Qxd1+ 12. Kxd1 Nxf5 13. Bd3 Ne7 14. Be4 O-O-O+ 15. Kc2 Rde8 16. Rhd1 h6 17. Bc1 Nb4+ 18. Kb3 Na6 19. Bc2 Nc5+ 20. Kc4 Bxc1
21. Rdxc1 Ne6 22. Kxc3 Nf4 23. Nd4 Nxg2 24. Be4 Nf4 25. Bxb7+ Kd7 26. Rd1 Ned5+ 27. Kc4 Nb6+ 28. Kb5 Ke7 29. Nc6+ Ke6 30. Nxa7 Kxe5
31. a4 Nxh3 32. a5 Na8 33. Rd5+ Kf4 34. Rb4+ Kf3 35. Rd3+ Kxf2 36. Rxh3 c5 37. Rb2+
1-0

[Event "Albin Counter Gambit"]
[Site "SchemingMind.com"]
[Date "2009.12.29"]
[Round "-"]
[White "1tamad"]
[Black "somar96"]
[Result "1/2-1/2"]
[WhiteCountry "USA"]
[BlackCountry "POL"]
[WhiteElo "1687"]
[WhiteRD "73"]
[BlackElo "1863"]
[BlackRD "57"]
[GameID "232557"]

1. d4 d5 2. c4 e5 3. dxe5 d4 4. e3 dxe3 5. Qxd8+ Kxd8 6. Bxe3 Nc6 7. f4 Bb4+ 8. Nd2 Nh6 9. O-O-O Ke8 10. h3 Nf5
11. Bf2 h5 12. Bd3 Be6 13. Ngf3 Rd8 14. Be2 h4 15. Ne4 Be7 16. Neg5 a5 17. Nxe6 fxe6 18. Rxd8+ Kxd8 19. a3 a4 20. Kc2 Na5
21. Nd4 Nxd4+ 22. Bxd4 Nb3 23. Be3 Kc8 24. Rd1 Rd8 25. Bg4 Rxd1 26. Kxd1 Kd7 27. Kc2 Bc5 28. Bd2 Nxd2 29. Kxd2 Ke7 30. Kc3 b6
31. Kd3 Bf2 32. Ke4 c6 33. Bd1 b5 34. cxb5 cxb5 35. Be2 b4 36. axb4 Be1 37. Bd1 Bxb4 38. Bxa4 Bd2 39. Bb5 Bb4 40. Bc4 Bc5
41. Kf3 Bd4 42. b4 Bc3 43. b5 Bd4 44. Kg4 Be3 45. Kf3 Bd4 46. g4 Bc5 47. f5 exf5 48. gxf5 Bd4 49. Ke4 Bg1 50. Bd5 Bb6
51. Bg8 Bg1 52. Kd5 Bf2 53. Be6 Bg1 54. Bc8 Bf2 55. Ke4=
1/2-1/2

[Event "Albin Counter Gambit"]
[Site "SchemingMind.com"]
[Date "2010.01.01"]
[Round "-"]
[White "jtrochez1"]
[Black "1tamad"]
[Result "1-0"]
[WhiteCountry "HON"]
[BlackCountry "USA"]
[WhiteElo "1547"]
[WhiteRD "52"]
[BlackElo "1687"]
[BlackRD "73"]
[GameID "232558"]

1. d4 d5 2. c4 e5 3. dxe5 Bb4+ 4. Bd2 Bxd2+ 5. Qxd2 Ne7 6. Nc3 d4 7. Rd1 Nbc6 8. Qf4 O-O 9. e4 Ng6 10. Qg3 Ncxe5
11. h3 c5 12. Be2 Qa5 13. f4 Nc6 14. Nf3 dxc3 15. bxc3 Qxa2 16. f5 Nh8 17. f6 Ng6 18. h4 h5 19. Nd2 gxf6 20. Bxh5 Kh7
21. Qd6 Be6 22. Qxc5 Nge5 23. O-O Nxc4 24. Rxf6 Nxd2 25. Qg5
1-0

[Event "Albin Counter Gambit"]
[Site "SchemingMind.com"]
[Date "2010.01.01"]
[Round "-"]
[White "XTC"]
[Black "1tamad"]
[Result "0-1"]
[WhiteCountry "COL"]
[BlackCountry "USA"]
[WhiteElo "1822"]
[WhiteRD "54"]
[BlackElo "1702"]
[BlackRD "75"]
[GameID "232559"]

1. d4 d5 2. c4 e5 3. dxe5 d4 4. e3 Bc5 5. Nf3 Nc6 6. exd4 Nxd4 7. Be3 Nxf3+ 8. Qxf3 Bxe3 9. Qxe3 Ne7 10. Bd3 O-O
11. O-O c6 12. Rd1 Qc7 13. Nc3 Bf5 14. Bxf5 Nxf5 15. Qe4 g6 16. b4 Rfe8 17. f4 Rad8 18. a3 b5 19. cxb5 cxb5 20. Nxb5 Qb6+
21. Kh1 Qxb5 22. Rac1 Qa4 23. Rd3 a6 24. g4 Ng7 25. Qf3 Rc8 26. Rxc8 Rxc8 27. Kg2 h5 28. h3 hxg4 29. hxg4 Ne6 30. Kg3 Qc2
0-1

[Event "Albin Counter Gambit"]
[Site "SchemingMind.com"]
[Date "2010.01.04"]
[Round "-"]
[White "lemmie"]
[Black "1tamad"]
[Result "1-0"]
[WhiteCountry "NED"]
[BlackCountry "USA"]
[WhiteElo "1575"]
[WhiteRD "51"]
[BlackElo "1687"]
[BlackRD "73"]
[GameID "232560"]

1. d4 d5 2. c4 e5 3. dxe5 d4 4. e3 Nc6 5. a3 dxe3 6. Qxd8+ Kxd8 7. Bxe3 Be6 8. Nf3 f6 9. exf6 Nxf6 10. Nc3 Be7
11. Be2 h6 12. O-O Ke8 13. Rfe1 Kf7 14. Rad1 Rad8 15. h3 a6 16. Kf1 Bf5 17. Rxd8 Rxd8 18. Rd1 Ne4 19. Nd5 Bd6 20. b4 Ne7
21. Nxe7 Bxe7 22. Rxd8 Bxd8 23. Ne5+ Ke6 24. Nd3 b6 25. c5 Nc3 26. Nf4+ Ke5 27. Nd3+ Ke6 28. Nf4+ Ke5 29. Bxa6 bxc5 30. Bxc5 g5
31. Nd3+ Kd5 32. Bb7+ c6 33. Ba6 Bc7 34. g4 Bd7 35. Nb2 Nb5 36. a4 Nd4 37. Bc4+ Ke4 38. Bd3+ Kd5 39. a5 Bc8 40. a6 Nb5
41. Bxb5 cxb5 42. a7 Bb7 43. Nd1 Kc6 44. Nc3 Bb6 45. Bf8 Bxa7 46. Bxh6 Bd4 47. Nd1 Bf6 48. Ke2 Kb6 49. Ne3 Be4 50. f3 Bb7
51. f4 gxf4 52. Bxf4 Kc6 53. Kf2 Kd7 54. g5 Bg7 55. h4 Ke6 56. Kg3 Kf7 57. Nf5
1-0

[Event "Albin Counter Gambit"]
[Site "SchemingMind.com"]
[Date "2010.01.01"]
[Round "-"]
[White "Schaakmaatje"]
[Black "1tamad"]
[Result "1-0"]
[WhiteCountry "NED"]
[BlackCountry "USA"]
[WhiteElo "1676"]
[WhiteRD "50"]
[BlackElo "1702"]
[BlackRD "75"]
[GameID "232561"]

1. d4 d5 2. c4 e5 3. e3 exd4 4. Nf3 dxe3 5. Bxe3 Nf6 6. Nc3 Bb4 7. Bd3 dxc4 8. Bxc4 O-O 9. O-O Bg4 10. Qxd8 Rxd8
11. Ne5 Be6 12. Bxe6 fxe6 13. Nb5 Na6 14. Rfd1 Rxd1+ 15. Rxd1 b6 16. Nc6 Nd5 17. Bd4 Nb8 18. Nxb4 Nd7 19. Nxd5 exd5 20. Nxc7 Rf8
21. Nxd5
1-0